| 000 | 00813nam a2200277Ia 4500 | ||
|---|---|---|---|
| 001 | 21469 | ||
| 003 | GE_BSU | ||
| 008 | 181216s||||||||xx |||||||||||||| ||und|| | ||
| 020 | _a9780132859295 | ||
| 040 | _cGE_BSU | ||
| 080 | _a691.2 | ||
| 100 | _aAghayere, Abi O., Limbrunner, George F. | ||
| 245 | _aReinforced Concrete Design | ||
| 245 | _cEditorial Director by Vernon R. Anthony | ||
| 250 | _aEighth edition. | ||
| 260 | _aBoston | ||
| 260 | _bPearson | ||
| 260 | _c2014 | ||
| 300 | _a302p. 29cm. | ||
| 300 | _eIndex p.: 299-302 | ||
| 541 | _h390 Gel. | ||
| 653 | _aReinforced Concrete Design | ||
| 653 | _aСтроительные материалы и изделия | ||
| 653 | _aსამშენებლო მასალები და ნაკეთობანი | ||
| 942 | _cBK | ||
| 999 |
_c54413 _d54413 |
||